|
|
|
|
| LEADER |
00000nam a2200000 a 4500 |
| 001 |
vtls001081328 |
| 003 |
SK-MaSNL |
| 005 |
20260301062254.0 |
| 008 |
250414s1989 xo slo |
| 015 |
|
|
|a SNBA1989/06
|
| 035 |
|
|
|a SNK000024166
|
| 035 |
|
|
|a urn:nbn:sk:snk-amlhxv
|
| 035 |
|
|
|a urn:nbn:sk:snk-am00bp7t
|
| 035 |
|
|
|a 7B697E3E-719E-44E9-B3E3-B62FE053738B
|
| 035 |
|
|
|a urn:nbn:sk:snk-am00c0n8
|
| 035 |
|
|
|a D82E3753-8D6B-4AE5-AD68-0DB5F1274F43
|
| 040 |
|
|
|a SNK
|b slo
|c SNK
|e AACR2
|
| 041 |
0 |
|
|a slo
|
| 044 |
|
|
|a xo
|c SK
|
| 080 |
|
|
|a 656.25(075.8)(076.5)
|2 1981
|
| 100 |
1 |
|
|a Zahradník, Jiří,
|d 1946-2008
|4 aut
|9 252362
|
| 245 |
1 |
0 |
|a Traťové zabezpečovací zařízení
|b Návody na cvičení
|c Jiří Zahradník, Bohuslav Kaleta, Milan Pozor
|
| 250 |
|
|
|a 1. vyd.
|
| 260 |
|
|
|a Bratislava
|b Alfa
|c 1989
|e Bratislava
|f Západoslovenské tlačiarne
|
| 300 |
|
|
|a 203 s., 26,84 AH
|b 14 voľ. príl. Tb. Sch.
|c 29 cm
|
| 366 |
|
|
|e 300 výtl.
|
| 500 |
|
|
|a Lit. 38. Schválil rektor VŠDS v Žiline ako skriptá. Text aj čes. 38 zázn. v slov., češ. a ruš.
|
| 650 |
0 |
7 |
|a bezpečnostné zariadenia
|2 SNKPH
|9 85298
|
| 655 |
|
7 |
|a učebnice vysokých škôl
|2 SNKPH
|9 70191
|
| 700 |
1 |
|
|a Kaleta, Bohuslav
|4 aut
|9 376407
|
| 700 |
1 |
|
|a Pozor, Milan
|4 aut
|9 61011
|
| 852 |
|
|
|a Slovenská národná knižnica
|
| 958 |
|
|
|a OND
|
| 958 |
|
|
|a CZ
|
| 958 |
|
|
|a NB
|
| 958 |
|
|
|a TL
|
| 958 |
|
|
|a UV
|
| 999 |
|
|
|c 620060
|d 621990
|
| 952 |
|
|
|a SNK
|b SNK
|y PREZ
|7 0
|p 17A0852487
|o snkSB 45023
|i snkKSP 4407/89
|0 0
|1 0
|4 0
|d 2012-07-06
|f 1
|l 0
|r 2026-02-23 16:52:37
|w 2026-02-23
|
| 952 |
|
|
|t P60, <04>, [BOOK], {604}
|a SNK
|b SNK
|y VYP
|7 0
|p 17A0154916
|o snkSB 45023 D1
|0 0
|1 0
|4 0
|d 1998-08-11
|l 0
|r 2004-12-31 00:00:00
|w 2026-02-23
|
| 952 |
|
|
|a SNK
|b SNK
|y PREZ
|7 0
|p 17A1022715
|o snkSB 45023/príl.
|i snkKSP 4407/89
|3 Príloha: 13 schém
|z Príloha: 13 schém
|0 0
|1 0
|4 0
|d 2013-05-29
|f 1
|l 0
|r 2026-02-23 16:52:37
|w 2026-02-23
|